Probabilistic risk assessment in the nuclear power industry : (Record no. 6421)
[ view plain ]
| 000 -LEADER | |
|---|---|
| fixed length control field | 00891nac a22002411u 4500 |
| 010 ## - LIBRARY OF CONGRESS CONTROL NUMBER | |
| LC control number | 88009756 |
| 020 ## - INTERNATIONAL STANDARD BOOK NUMBER | |
| International Standard Book Number | 0080363628 : |
| 020 ## - INTERNATIONAL STANDARD BOOK NUMBER | |
| International Standard Book Number | 0080348793 (pbk.) : |
| 082 00 - DEWEY DECIMAL CLASSIFICATION NUMBER | |
| Classification number | 363.179 |
| Item number | FUL |
| 090 ## - LOCALLY ASSIGNED LC-TYPE CALL NUMBER (OCLC); LOCAL CALL NUMBER (OCLC) | |
| -- | 6421 |
| -- | 6421 |
| 100 ## - MAIN ENTRY--PERSONAL NAME | |
| Personal name | Fullwood, R. R. |
| 245 10 - TITLE STATEMENT | |
| Title | Probabilistic risk assessment in the nuclear power industry : |
| Remainder of title | fundamentals and applications / |
| Statement of responsibility, etc | by Ralph R. Fullwood and Robert E. Hall. |
| 250 ## - EDITION STATEMENT | |
| Edition statement | 1st ed. |
| 260 ## - PUBLICATION, DISTRIBUTION, ETC. (IMPRINT) | |
| Place of publication, distribution, etc | Oxford [Oxfordshire] ; |
| -- | New York : |
| Name of publisher, distributor, etc | Pergamon Press,c.1988. |
| Date of publication, distribution, etc | c.1988. |
| 300 ## - PHYSICAL DESCRIPTION | |
| Extent | xxiv, 318 p. : |
| Other physical details | ill. ; |
| Dimensions | 24 cm. |
| 500 ## - GENERAL NOTE | |
| General note | Includes index. |
| 500 ## - GENERAL NOTE | |
| General note | Distributer: Al-Ahram. |
| 504 ## - BIBLIOGRAPHY, ETC. NOTE | |
| Bibliography, etc | Bibliography: p. 306-314. |
| 511 ## - PARTICIPANT OR PERFORMER NOTE | |
| Participant or performer note | Catalogued By: Mahitab. |
| 650 #0 - SUBJECT ADDED ENTRY--TOPICAL TERM | |
| Topical term or geographic name as entry element | Nuclear power plants |
| General subdivision | Risk assessment |
| -- | Statistical methods. |
| 700 1# - ADDED ENTRY--PERSONAL NAME | |
| Personal name | Hall, R. |
| Fuller form of name | (Robert), |
| Dates associated with a name | 1947- |
| 942 ## - ADDED ENTRY ELEMENTS (KOHA) | |
| Item type | Book - Borrowing |
| Call number prefix | 363.179FUL |
| Withdrawn status | Item status | Damaged status | Not for loan | Home library | Current library | Shelving location | Date acquired | Source of acquisition | Total Checkouts | Full call number | Barcode | Date last seen | Koha item type |
|---|---|---|---|---|---|---|---|---|---|---|---|---|---|
| Central Library | Central Library | First floor | 22/11/2007 | Purchase | 363.179FUL | 000007852 | 15/07/2025 | Book - Borrowing |